000 00728nam a2200301Ia 4500
001 Z_192
003 CHAP
008 220113s1982 xx 000 0 und d
010 _a163164
040 _cCHAP
082 _a636.085 L43
100 _aLeaver, J D
_965340
245 _aHerbage intake handbook /
_cby J. D. Leaver
260 _aHurley :
_bBritish Grassland Society,
_c1982
300 _avii, 143 p.
440 _a
500 _a
503 _a
650 _aAlimentos y alimentación del ganado
_94326
650 0 _aNutrición animal
_9137346
650 _aPastos forrajeros
_986094
901 _a636.085 L43
902 _aA
910 _a1982
942 _c1
942 _cc1
999 _c163164
_d163164